[Event "ROM-ch U18"]
[Site "Calimanesti Caciulata"]
[Date "2019.04.20"]
[Round "7"]
[White "Farcadi, Hunor"]
[Black "Dumitru, Matei Ioan"]
[Result "0-1"]
[WhiteElo "2046"]
[BlackElo "2221"]
[PlyCount "92"]
[EventDate "2019.04.15"]
[EventType "swiss"]
[EventRounds "9"]
[EventCountry "ROU"]
[SourceTitle "CBM 190 Extra"]
[Source "ChessBase"]
[SourceDate "2019.07.15"]
[SourceVersion "1"]
[SourceVersionDate "2019.07.15"]
[SourceQuality "1"]

1. e4 c6 2. d4 d5 3. exd5 cxd5 4. Bd3 Nc6 5. c3 Qc7 6. Nf3 Bg4 7. Nbd2 e6 8. 0-0 Bd6 9. Qb3 Nf6 10. Re1 0-0 11. g3 Rab8 12. Nh4 e5 13. dxe5 Nxe5 14. Bf1 Rfe8 15. f4 Ned7 16. Rxe8+ Rxe8 17. Ndf3 Nc5 18. Qc2 Nce4 19. Nd4 Bc5 20. Qd3 Bd7 21. Be3 Ng4 22. Re1 a6 23. Bh3 Ngf2 24. Bxf2 Bxh3 25. Be3 Bf8 26. Nhf3 Qb6 27. Nb3 Qd6 28. Bd4 Bf5 29. Qf1 f6 30. Nc5 Qc6 31. Nb3 Qa4 32. Ra1 b5 33. Bb6 b4 34. cxb4 Qxb4 35. Ba5 Qa4 36. Qxa6 Nc5 37. Qf1 Nxb3 38. axb3 Bc5+ 39. Kh1 Qxb3 40. Rc1 Be3 41. Rc3 Qb7 42. Rc7 Qxb2 43. Ne1 Be4+ 44. Ng2 Ra8 45. Bc3 Bxg2+ 46. Qxg2 Ra1+ 0-1

[Event "ROM-ch"]
[Site "Olanesti"]
[Date "2019.03.10"]
[Round "9"]
[White "Talu, Mircea"]
[Black "Dumitru, Matei Ioan"]
[Result "1-0"]
[WhiteElo "2225"]
[BlackElo "2243"]
[PlyCount "107"]
[EventDate "2019.03.02"]
[EventType "swiss"]
[EventRounds "9"]
[EventCountry "ROU"]
[SourceTitle "CBM 189 Extra"]
[Source "ChessBase"]
[SourceDate "2019.06.03"]
[SourceVersion "1"]
[SourceVersionDate "2019.06.03"]
[SourceQuality "1"]

1. d4 Nf6 2. c4 e6 3. Nc3 Bb4 4. Qc2 d5 5. a3 Bxc3+ 6. Qxc3 Ne4 7. Qc2 c5 8. dxc5 Nc6 9. Nf3 Qa5+ 10. Bd2 Nxd2 11. Qxd2 dxc4 12. Qxa5 Nxa5 13. Nd2 Bd7 14. Rc1 Rc8 15. Nxc4 Nxc4 16. Rxc4 b6 17. e3 bxc5 18. Bd3 Ke7 19. Ke2 Bb5 20. Rc3 Bxd3+ 21. Kxd3 Rhd8+ 22. Kc2 Rd5 23. Rd1 Kd6 24. e4 Rxd1 25. Kxd1 Kc6 26. Kc2 Kb5 27. Rd3 Rc7 28. Rd6 c4 29. Kc3 a5 30. Rd4 a4 31. g3 Rb7 32. Rxc4 Rd7 33. Rd4 Rc7+ 34. Kd2 Ka5 35. Rb4 e5 36. h4 g6 37. Ke3 f5 38. f4 exf4+ 39. Kxf4 fxe4 40. Kxe4 Rf7 41. g4 Rf2 42. Ke5 h6 43. Rb8 Rg2 44. Kf4 h5 45. g5 Rg4+ 46. Ke5 Rxh4 47. Kf6 Rf4+ 48. Kxg6 h4 49. Rc8 Rf2 50. Rc5+ Kb6 51. Rc4 Kb5 52. Rb4+ Ka5 53. b3 axb3 54. Rxb3 1-0

[Event "ROM-ch"]
[Site "Olanesti"]
[Date "2019.03.09"]
[Round "8"]
[White "Dumitru, Matei Ioan"]
[Black "Bulau, Andrei Cristian"]
[Result "1-0"]
[WhiteElo "2243"]
[BlackElo "2212"]
[PlyCount "107"]
[EventDate "2019.03.02"]
[EventType "swiss"]
[EventRounds "9"]
[EventCountry "ROU"]
[SourceTitle "CBM 189 Extra"]
[Source "ChessBase"]
[SourceDate "2019.06.03"]
[SourceVersion "1"]
[SourceVersionDate "2019.06.03"]
[SourceQuality "1"]

1. e4 e5 2. Nf3 Nf6 3. Nxe5 d6 4. Nf3 Nxe4 5. Nc3 Nf6 6. d4 Be7 7. h3 0-0 8. Bd3 b6 9. Ne2 Bb7 10. Ng3 Nbd7 11. 0-0 Re8 12. c3 Bf8 13. Bf4 h6 14. Re1 Rxe1+ 15. Nxe1 Qe8 16. Qc2 c5 17. Qe2 Qxe2 18. Bxe2 Re8 19. Bf3 Bxf3 20. Nxf3 g5 21. Bd2 Ne4 22. Nxe4 Rxe4 23. Re1 Rxe1+ 24. Bxe1 Bg7 25. dxc5 dxc5 26. b3 f5 27. Kf1 Kf7 28. Ke2 Ke6 29. Bd2 Nf6 30. Kd3 Ne4 31. Be1 b5 32. c4 b4 33. Nh2 a5 34. f3 Nd6 35. Bf2 Nb7 36. Nf1 Be5 37. g4 Bf4 38. Ne3 Bxe3 39. Bxe3 Ke5 40. Bc1 Nd8 41. Ke3 fxg4 42. hxg4 Ne6 43. Bb2+ Kd6 44. Ke4 Kc6 45. Be5 Nd8 46. Bg7 Ne6 47. Be5 Nf8 48. Kf5 Kd7 49. Bg7 Ne6 50. Bxh6 Nd4+ 51. Kxg5 Nxf3+ 52. Kf6 Nd4 53. g5 Nxb3 54. g6 1-0

[Event "ROM-chT U18"]
[Site "Iasi"]
[Date "2018.07.15"]
[Round "3.2"]
[White "Bobocea, Laurentiu Vlad"]
[Black "Dumitru, Matei Ioan"]
[Result "0-1"]
[WhiteElo "1937"]
[BlackElo "2156"]
[PlyCount "108"]
[EventDate "2018.07.13"]
[EventType "team-tourn"]
[EventRounds "5"]
[EventCountry "ROU"]
[SourceTitle "EXT 2019"]
[Source "ChessBase"]
[SourceDate "2018.10.10"]
[SourceVersion "1"]
[SourceVersionDate "2018.10.10"]
[SourceQuality "1"]
[WhiteTeam "Cluj Viitorul"]
[BlackTeam "Timisoara Vest Univ"]
[WhiteTeamCountry "ROU"]
[BlackTeamCountry "ROU"]

1. d4 Nf6 2. c4 e6 3. Nc3 Bb4 4. f3 c5 5. d5 d6 6. e4 b5 7. Be3 0-0 8. Bd3 Re8 9. Qd2 Nbd7 10. Nge2 Ne5 11. cxb5 exd5 12. exd5 Bf5 13. Bxf5 Nc4 14. Qd3 Nxe3 15. Be4 Nxe4 16. fxe4 Qg5 17. Kf2 Ng4+ 18. Kg1 c4 19. Qg3 Bc5+ 20. Kf1 Ne3+ 21. Ke1 Nc2+ 22. Kd1 Qxg3 23. Nxg3 Nxa1 24. Kd2 Nb3+ 25. axb3 cxb3 26. Kd3 a6 27. bxa6 Rxa6 28. Nf5 g6 29. Nd4 Bxd4 30. Kxd4 Rb6 31. Ra1 Kg7 32. Ra7 Kf6 33. Rd7 Re7 34. Rd8 Rb4+ 35. Kd3 Ke5 36. Rf8 h5 37. Rc8 Rd4+ 38. Ke3 Rxe4+ 39. Nxe4 Kxd5 40. Rb8 Rxe4+ 41. Kf3 Re7 42. Rxb3 Kc4 43. Rc3+ Kd4 44. Rc1 d5 45. Rd1+ Kc4 46. Rc1+ Kb3 47. Rd1 Re5 48. Rd2 Kc4 49. Rc2+ Kd3 50. Rc3+ Kd2 51. Rc5 Rf5+ 52. Kg3 d4 53. Rxf5 gxf5 54. b4 Ke3 0-1

[Event "ROM-ch"]
[Site "Olanesti"]
[Date "2018.05.22"]
[Round "9"]
[White "Dumitru, Matei Ioan"]
[Black "Iustin, Silviu"]
[Result "1/2-1/2"]
[WhiteElo "2164"]
[BlackElo "1962"]
[PlyCount "32"]
[EventDate "2018.05.14"]
[EventType "swiss"]
[EventRounds "9"]
[EventCountry "ROU"]
[SourceTitle "CBM 184 Extra"]
[Source "ChessBase"]
[SourceDate "2018.06.28"]
[SourceVersion "1"]
[SourceVersionDate "2018.06.28"]
[SourceQuality "1"]

1. e4 e6 2. d4 d5 3. Nc3 Nf6 4. e5 Nfd7 5. Nf3 c5 6. dxc5 Nc6 7. Bf4 Nxc5 8. h4 Be7 9. h5 a6 10. Bd3 f5 11. exf6 Bxf6 12. Qe2 0-0 13. Bg3 Qb6 14. Nd1 Bxb2 15. Nxb2 Qxb2 16. 0-0 Nxd3 1/2-1/2

[Event "ROM-ch U18"]
[Site "Calimanesti"]
[Date "2018.04.03"]
[Round "9"]
[White "Zubcu, Vlad George"]
[Black "Dumitru, Matei Ioan"]
[Result "1-0"]
[WhiteElo "2156"]
[BlackElo "2132"]
[PlyCount "77"]
[EventDate "2018.03.27"]
[EventType "swiss"]
[EventRounds "9"]
[EventCountry "ROU"]
[SourceTitle "CBM 183 Extra"]
[Source "ChessBase"]
[SourceDate "2018.04.19"]
[SourceVersion "1"]
[SourceVersionDate "2018.04.19"]
[SourceQuality "1"]

1. e4 e5 2. Nf3 Nc6 3. Bc4 Nf6 4. Ng5 d5 5. exd5 Na5 6. d3 h6 7. Nf3 Nxc4 8. dxc4 e4 9. Nd4 Bg4 10. Ne2 Bc5 11. h3 Bd7 12. Nbc3 Qe7 13. Nd4 Bb4 14. 0-0 0-0 15. Bf4 c6 16. Nde2 Nh5 17. Bh2 f5 18. a3 Bxc3 19. Nxc3 Qg5 20. Bd6 Nf4 21. Bxf4 Qxf4 22. Qd4 Qd6 23. Rae1 c5 24. Qd2 Rae8 25. f3 Qe5 26. fxe4 f4 27. d6 Be6 28. Nd5 f3 29. Ne7+ Kh7 30. gxf3 Qg3+ 31. Qg2 Qxd6 32. Nd5 Qd7 33. Kh2 b5 34. Rd1 Qf7 35. cxb5 Bxd5 36. Rxd5 Qf4+ 37. Qg3 Rxe4 38. Qxf4 Rexf4 39. Rxc5 1-0

[Event "Budapest Gyorgy Memorial 2nd"]
[Site "Budapest"]
[Date "2017.10.13"]
[Round "2.1"]
[White "Dumitru, Matei Ioan"]
[Black "Golikov, Daniil"]
[Result "0-1"]
[WhiteElo "2111"]
[BlackElo "2138"]
[PlyCount "116"]
[EventDate "2017.10.12"]
[EventType "swiss"]
[EventRounds "7"]
[EventCountry "HUN"]
[SourceTitle "EXT 2019"]
[Source "ChessBase"]
[SourceDate "2018.10.10"]
[SourceVersion "1"]
[SourceVersionDate "2018.10.10"]
[SourceQuality "1"]

1. e4 c5 2. Nc3 Nc6 3. f4 g6 4. Nf3 Bg7 5. d3 e6 6. Be3 d6 7. Be2 Nge7 8. e5 dxe5 9. fxe5 b6 10. 0-0 Nxe5 11. Bg5 0-0 12. Ne4 f5 13. Nxe5 Bxe5 14. Bh6 Re8 15. Ng5 Bxb2 16. Rb1 Qd4+ 17. Kh1 Qh4 18. Rxb2 Qxh6 19. Bf3 Rb8 20. Qd2 Bb7 21. Bxb7 Rxb7 22. Rbb1 Nc6 23. Rbe1 Rbe7 24. Rf3 Qg7 25. Rfe3 e5 26. a4 h6 27. Nf3 Kh7 28. c3 e4 29. dxe4 Rxe4 30. Rxe4 Rxe4 31. Rxe4 fxe4 32. Ng1 Ne7 33. Ne2 Nf5 34. Qd5 Qe7 35. Kg1 e3 36. g3 h5 37. h4 a6 38. Kg2 b5 39. axb5 axb5 40. Kg1 b4 41. cxb4 cxb4 42. Kg2 Nh6 43. Kf3 Ng4 44. Qe4 Nh2+ 45. Kxe3 Ng4+ 46. Kd4 Qd6+ 47. Kc4 Ne5+ 48. Kb3 Nd3 49. Qc4 Kg7 50. Kc2 Ne5 51. Qb5 Qc6+ 52. Qxc6 Nxc6 53. Kb3 Kf6 54. Nf4 Kf5 55. Kc4 Ne5+ 56. Kd4 b3 57. Ne2 b2 58. Nc3 Nf3+ 0-1

[Event "ROM-ch U16"]
[Site "Calimanesti Caciulata"]
[Date "2016.04.21"]
[Round "4"]
[White "Ileana, George"]
[Black "Dumitru, Matei Ioan"]
[Result "1-0"]
[WhiteElo "2166"]
[BlackElo "2020"]
[PlyCount "39"]
[EventDate "2016.04.18"]
[EventType "swiss"]
[EventRounds "9"]
[EventCountry "ROU"]
[SourceTitle "CBM 172 Extra"]
[Source "ChessBase"]
[SourceDate "2016.06.21"]
[SourceVersion "1"]
[SourceVersionDate "2016.06.21"]
[SourceQuality "1"]

1. e4 e5 2. Nf3 Nc6 3. Bb5 d6 4. c3 Bd7 5. 0-0 g6 6. d4 Qe7 7. Be3 Bg7 8. dxe5 Nxe5 9. Bxd7+ Nxd7 10. Qb3 Ngf6 11. Qxb7 0-0 12. Qxc7 Rfc8 13. Qa5 Rab8 14. Qa3 Nxe4 15. Nbd2 Nec5 16. Nb3 Nb6 17. Bxc5 dxc5 18. Rfe1 Qc7 19. Qa5 Nc4 20. Re8+ 1-0

[Event "ROM-ch U16"]
[Site "Calimanesti Caciulata"]
[Date "2016.04.19"]
[Round "2"]
[White "Ion, Dragos Cosmin"]
[Black "Dumitru, Matei Ioan"]
[Result "1/2-1/2"]
[WhiteElo "1762"]
[BlackElo "2020"]
[PlyCount "84"]
[EventDate "2016.04.18"]
[EventType "swiss"]
[EventRounds "9"]
[EventCountry "ROU"]
[SourceTitle "CBM 172 Extra"]
[Source "ChessBase"]
[SourceDate "2016.06.21"]
[SourceVersion "1"]
[SourceVersionDate "2016.06.21"]
[SourceQuality "1"]

1. e4 e5 2. Nf3 Nc6 3. Bc4 d6 4. d4 exd4 5. Nxd4 g6 6. Nc3 Bg7 7. Be3 Nf6 8. f3 0-0 9. Nxc6 bxc6 10. 0-0 Re8 11. Re1 a5 12. Qd2 Bd7 13. Rad1 Qb8 14. a4 Qb4 15. b3 Ng4 16. Bd4 Ne5 17. Bf1 c5 18. Bxe5 Bxe5 19. Nd5 Qxd2 20. Rxd2 Ra7 21. Red1 Kg7 22. Kh1 f5 23. f4 Bd4 24. c3 c6 25. cxd4 cxd5 26. dxc5 dxc5 27. exd5 Re4 28. Rc2 Rc7 29. g3 Re3 30. Bc4 Rc8 31. Re2 Rce8 32. Rde1 Rxe2 33. Rxe2 Rxe2 34. Bxe2 Kf6 35. Bc4 Ke7 36. Kg2 Kd6 37. Kf3 Bc8 38. Ke3 Bb7 39. Kd3 Bxd5 40. h3 Bxc4+ 41. Kxc4 Kc7 42. g4 h6 1/2-1/2

[Event "ROM-ch U14"]
[Site "Calimanesti"]
[Date "2015.04.04"]
[Round "7"]
[White "Dumitru, Matei Ioan"]
[Black "Cotruta, Alexandru Mihai"]
[Result "1/2-1/2"]
[WhiteElo "1883"]
[BlackElo "1661"]
[PlyCount "73"]
[EventDate "2015.03.30"]
[EventType "swiss"]
[EventRounds "9"]
[EventCountry "ROU"]
[SourceTitle "CBM 165 Extra"]
[Source "ChessBase"]
[SourceDate "2015.04.21"]
[SourceVersion "1"]
[SourceVersionDate "2015.04.21"]
[SourceQuality "1"]

1. e4 c5 2. Nc3 Nc6 3. f4 g6 4. Nf3 Bg7 5. Bc4 e6 6. f5 Nge7 7. fxe6 fxe6 8. d3 0-0 9. 0-0 d5 10. Bb3 d4 11. Ne2 Na5 12. Bg5 Nxb3 13. axb3 h6 14. Bd2 e5 15. Qe1 Nc6 16. Qg3 Kh7 17. Bg5 Rxf3 18. Rxf3 Qxg5 19. Qf2 Be6 20. Rf1 Qd2 21. Ng3 Qxf2+ 22. R3xf2 a6 23. h4 h5 24. Kh2 Nb8 25. Ne2 Nd7 26. Ng1 Rf8 27. Nf3 Kh8 28. Ng5 Rxf2 29. Rxf2 Bg8 30. Nf7+ Kh7 31. Ng5+ Kh8 32. Nf7+ Kh7 33. Ng5+ Kh6 34. Nf7+ Kh7 35. Ng5+ Kh8 36. Nf7+ Kh7 37. Ng5+ 1/2-1/2

[Event "ROM-ch U14"]
[Site "Calimanesti"]
[Date "2014.04.12"]
[Round "8"]
[White "Vasiesiu, Victor"]
[Black "Dumitru, Matei Ioan"]
[Result "1-0"]
[WhiteElo "1771"]
[BlackElo "1744"]
[PlyCount "99"]
[EventDate "2014.04.06"]
[EventType "swiss"]
[EventRounds "9"]
[EventCountry "ROU"]
[SourceTitle "CBM 160 Extra"]
[Source "ChessBase"]
[SourceDate "2014.07.01"]
[SourceVersion "1"]
[SourceVersionDate "2014.07.01"]
[SourceQuality "1"]

1. e4 e5 2. Nf3 Nc6 3. Bc4 d6 4. c3 g6 5. d4 Bg7 6. 0-0 Nf6 7. dxe5 Nxe5 8. Nxe5 dxe5 9. Qxd8+ Kxd8 10. Bxf7 Ke7 11. Bb3 Nxe4 12. Re1 Nc5 13. Bg5+ Ke8 14. Nd2 Nxb3 15. axb3 Kf7 16. Nc4 Re8 17. Ra5 e4 18. Rc5 c6 19. Nd6+ Kf8 20. Nxe8 Kxe8 21. Rxe4+ Kf8 22. Rf4+ Kg8 23. Bf6 Bh6 24. Bg5 Bg7 25. Ra5 Be6 26. Re4 Kf7 27. Ra1 h6 28. Bh4 g5 29. Bg3 Bf5 30. Re3 Rd8 31. Kf1 a6 32. Ke2 Be6 33. b4 Bb3 34. Be5 Bf8 35. Bd4 Bd5 36. f3 Bd6 37. Kf2 Bf4 38. Ree1 Bd6 39. Bc5 Bxc5+ 40. bxc5 Bb3 41. Re4 Bc2 42. Rd4 Rxd4 43. cxd4 Ke6 44. Ke3 Bf5 45. Kd2 g4 46. Re1+ Kd7 47. Re5 Be6 48. Rh5 gxf3 49. gxf3 Bd5 50. Ke3 1-0

[Event "ROM-ch U12"]
[Site "Calimanesti"]
[Date "2013.04.08"]
[Round "9"]
[White "Taddei, Benoit"]
[Black "Dumitru, Matei Ioan"]
[Result "1/2-1/2"]
[WhiteElo "1693"]
[BlackElo "1589"]
[PlyCount "176"]
[EventDate "2013.04.02"]
[EventType "swiss"]
[EventRounds "9"]
[EventCountry "ROU"]
[SourceTitle "CBM 153 Extra"]
[Source "ChessBase"]
[SourceDate "2013.04.22"]
[SourceVersion "1"]
[SourceVersionDate "2013.04.22"]
[SourceQuality "1"]

1. e4 e5 2. Nf3 Nc6 3. Bc4 d6 4. c3 g6 5. d3 Bg7 6. Nbd2 Nf6 7. Nf1 0-0 8. h3 Bd7 9. Bb3 Kh8 10. g4 Na5 11. Bc2 Nc6 12. Bb3 Ng8 13. Ng3 Qe7 14. Qe2 Be6 15. Bxe6 fxe6 16. Rf1 Qf6 17. Nh2 Qh4 18. Nf3 Qe7 19. Bd2 b5 20. Rc1 Rae8 21. Ng1 Qh4 22. a3 a6 23. b4 Bh6 24. Bxh6 Qxh6 25. Qd2 Qxd2+ 26. Kxd2 Rf7 27. Ke2 Ref8 28. f3 Nge7 29. h4 h6 30. Rf2 Kg7 31. Rcf1 g5 32. h5 Nc8 33. Rc1 Nb6 34. Ke3 Nb8 35. Rfc2 Nc6 36. Rf2 Ra8 37. Ra1 Na4 38. Rc2 Kf8 39. Nf1 Ke7 40. Nd2 Kd7 41. Nb3 Nb6 42. Rb2 Rff8 43. Rc2 a5 44. Rca2 Na4 45. Kd2 axb4 46. axb4 Ra7 47. Ra3 Rfa8 48. R3a2 Ne7 49. c4 Nc6 50. cxb5 Nxb4 51. Ra3 Kc8 52. Ne2 Kb7 53. Nc3 Nb2 54. Rxa7+ Rxa7 55. Rxa7+ Kxa7 56. d4 Nc4+ 57. Ke2 d5 58. dxe5 Nxe5 59. Nd4 dxe4 60. Nxe4 Kb6 61. Nxe6 Nd5 62. Nd4 Nf4+ 63. Kf2 Nfd3+ 64. Kg3 Nf4 65. Nf5 Nf7 66. Nc3 Kc5 67. Ne3 Kd4 68. Ned1 Kc4 69. Kf2 Nd6 70. Ke3 Ne6 71. Ne4 Nxb5 72. Nf6 Nd6 73. Ng8 Nf7 74. Ke4 Ng7 75. Ne3+ Kc5 76. Nf5 Nd6+ 77. Nxd6 cxd6 78. Ne7 Ne6 79. Kf5 Nd4+ 80. Kg6 Nxf3 81. Kxh6 d5 82. Nxd5 Kxd5 83. Kg6 Ke6 84. h6 Ne5+ 85. Kxg5 Kf7 86. Kf5 Nxg4 87. Kxg4 Kg6 88. h7 Kxh7 1/2-1/2

[Event "ROM-ch U12"]
[Site "Calimanesti"]
[Date "2013.04.07"]
[Round "8"]
[White "Dumitru, Matei Ioan"]
[Black "Mirauta, Stefano Marius"]
[Result "0-1"]
[WhiteElo "1589"]
[BlackElo "1853"]
[PlyCount "50"]
[EventDate "2013.04.02"]
[EventType "swiss"]
[EventRounds "9"]
[EventCountry "ROU"]
[SourceTitle "CBM 153 Extra"]
[Source "ChessBase"]
[SourceDate "2013.04.22"]
[SourceVersion "1"]
[SourceVersionDate "2013.04.22"]
[SourceQuality "1"]

1. e4 c5 2. Nc3 Nc6 3. f4 g6 4. Nf3 Bg7 5. Bb5 Nd4 6. Bd3 e6 7. Nxd4 cxd4 8. Ne2 Ne7 9. 0-0 d6 10. c3 dxc3 11. dxc3 Qb6+ 12. Kh1 0-0 13. Qe1 Bd7 14. Qh4 Rfe8 15. Rf3 Bb5 16. Rh3 h5 17. c4 Bc6 18. f5 exf5 19. Bg5 fxe4 20. Bxe7 exd3 21. Rxd3 Bf8 22. Bxf8 Rxe2 23. Rg3 Kxf8 24. Rf1 Qf2 25. h3 Qxf1+ 0-1

[Event "ROM-ch U12"]
[Site "Calimanesti"]
[Date "2013.04.02"]
[Round "1"]
[White "Dumitru, Matei Ioan"]
[Black "Calin, Alexandru"]
[Result "0-1"]
[WhiteElo "1589"]
[BlackElo "1788"]
[PlyCount "59"]
[EventDate "2013.04.02"]
[EventType "swiss"]
[EventRounds "9"]
[EventCountry "ROU"]
[SourceTitle "CBM 153 Extra"]
[Source "ChessBase"]
[SourceDate "2013.04.22"]
[SourceVersion "1"]
[SourceVersionDate "2013.04.22"]
[SourceQuality "1"]

1. e4 c5 2. Nc3 e6 3. f4 Nc6 4. Nf3 d5 5. Bb5 Nge7 6. 0-0 a6 7. Bxc6+ Nxc6 8. d3 Be7 9. Qe1 0-0 10. Qg3 b5 11. e5 Qc7 12. f5 exf5 13. Nxd5 Qd8 14. Bh6 g6 15. Nxe7+ Nxe7 16. Bxf8 Kxf8 17. Qh4 Kg8 18. Rae1 Be6 19. Ng5 Qd4+ 20. Qxd4 cxd4 21. Rf4 Rd8 22. Rh4 h5 23. Kf2 Nc6 24. a3 Rd5 25. Nf3 Kg7 26. Kg3 Kh6 27. Kf4 Ne7 28. Ng5 Rc5 29. Kf3 Nc6 30. Kf2 0-1